00584 2200217 4500001002100000005001500021035002000036007000300056008004100059020002200100082001000122084001600132100001700148245008100165250001000246260003500256300002600291650002100317990001500338990001300353INLIS00000000000776220260602074556 a0010-0626000002ta260602 | | ind  a978-602-7996-59-5 a658.8 a658.8 ENG t0 aEngga Aksara1 aThe Art of Successful Selling : 123 Tips Menjual Lebih Cepat /cEngga Aksara aCet 1 aYogyakarta :bLiterindo,c2020 a130 hlm ;c19 cmebib 4aSelf Improvement a411.2/2023 a411/2023